00652 2200253 4500001002100000005001700021008004100038035002400079082001000103090001700113100002500130245004800155260004200203300003000245650001500275850001600290980001100306985000600317986001500323999001500338999001500353999001500368999001500383YOGYA-0209000007121120090227093525.0 ind  0010-020900000071211 a618.2 a618.2bEnd U aENDJUN, Judi Junaedi aUlrasonografi dasar obstetri dan ginekologi aJakartabFakultas Kedokteran UIc2007 axvi, 317 hlmbilusc26 cm aObslentrik aYOPDYOG (B) a300608 a4 anova box17 a08A0035445 a08A0035446 a08A0035447 a08A0035448